[Rezension von: Morgan, Pollyanna, Peace Inside]

Gespeichert in:  
Bibliographische Detailangaben
1. VerfasserIn: Thigpen, Casper (Verfasst von)
Beteiligte: Morgan, Pollyanna (VerfasserIn des Bezugswerks)
Medienart: Elektronisch Rezension
Sprache:Englisch
Veröffentlicht: 2018
In: Prison service journal
Jahr: 2018, Band: 238, Seiten: 53
Online-Zugang: Volltext (kostenfrei)
Verfügbarkeit prüfen: HBZ Gateway
Schlagwörter:

MARC

LEADER 00000caa a22000002c 4500
001 1917649045
003 DE-627
005 20250902142432.0
007 cr uuu---uuuuu
008 250220s2018 xx |||||oo 00| ||eng c
035 |a (DE-627)1917649045 
035 |a (DE-599)KXP1917649045 
040 |a DE-627  |b ger  |c DE-627  |e rda 
041 |a eng 
084 |a 2,1  |2 ssgn 
100 1 |a Thigpen, Casper  |e VerfasserIn  |4 aut 
245 1 0 |a [Rezension von: Morgan, Pollyanna, Peace Inside]  |c Casper Thigpen 
264 1 |c 2018 
336 |a Text  |b txt  |2 rdacontent 
337 |a Computermedien  |b c  |2 rdamedia 
338 |a Online-Ressource  |b cr  |2 rdacarrier 
655 7 |a Rezension  |0 (DE-588)4049712-4  |0 (DE-627)106186019  |0 (DE-576)209083166  |2 gnd-content 
700 1 |a Morgan, Pollyanna  |e VerfasserIn des Bezugswerks  |4 ant 
773 0 8 |i Enthalten in  |t Prison service journal  |d London : Centre for Crime and Justice Studies, 2010  |g 238(2018), Seite 53  |h Online-Ressource  |w (DE-627)835889491  |w (DE-600)2835219-1  |w (DE-576)445663979  |7 nnas 
773 1 8 |g volume:238  |g year:2018  |g pages:53 
787 0 8 |i Rezension von  |a Morgan, Pollyanna  |t Peace Inside  |d London : Jessica Kingsley Publishers, 2017  |h 1 Online-Ressource (274 pages)  |w (DE-627)884971791  |w (DE-576)988497179X  |z 9781784505288 
856 4 0 |u https://www.crimeandjustice.org.uk/sites/default/files/PSJ%20238%2C%20Book%20reviews.pdf  |x Verlag  |z kostenfrei  |3 Volltext  |7 0 
951 |a AR 
ELC |a 1 
LOK |0 000 xxxxxcx a22 zn 4500 
LOK |0 001 4667122218 
LOK |0 003 DE-627 
LOK |0 004 1917649045 
LOK |0 005 20250902142436 
LOK |0 008 250220||||||||||||||||ger||||||| 
LOK |0 040   |a DE-21-110  |c DE-627  |d DE-21-110 
LOK |0 092   |o n 
LOK |0 852   |a DE-21-110 
LOK |0 852 1  |9 00 
LOK |0 85640  |u https://www.crimeandjustice.org.uk/sites/default/files/PSJ%20238%2C%20Book%20reviews.pdf 
LOK |0 939   |a 20-02-25  |b l01 
OAS |a 1 
ORI |a SA-MARC-krimdoka001.raw